| 000 -LEADER |
| fixed length control field |
02108cas a2200589 a 4500 |
| 001 - CONTROL NUMBER |
| control field |
11422989 |
| 003 - CONTROL NUMBER IDENTIFIER |
| control field |
Nust |
| 005 - DATE AND TIME OF LATEST TRANSACTION |
| control field |
20170315121500.0 |
| 008 - FIXED-LENGTH DATA ELEMENTS--GENERAL INFORMATION |
| fixed length control field |
930108c19939999ohumr p 0 a0eng c |
| 010 ## - LIBRARY OF CONGRESS CONTROL NUMBER |
| LC control number |
93650321 |
| Canceled/invalid LC control number |
sn 93026996 |
| 020 ## - INTERNATIONAL STANDARD BOOK NUMBER |
| International Standard Book Number |
81-313-0154-0 |
| 035 ## - SYSTEM CONTROL NUMBER |
| System control number |
(OCoLC)ocm27214642 |
| 037 ## - SOURCE OF ACQUISITION |
| Source of stock number/acquisition |
623 West Liberty St., Medina, OH 44256 |
| 040 ## - CATALOGING SOURCE |
| Transcribing agency |
ASAB |
| 042 ## - AUTHENTICATION CODE |
| Authentication code |
pcc |
| -- |
nsdp |
| 050 00 - LIBRARY OF CONGRESS CALL NUMBER |
| Classification number |
SF521 |
| Item number |
.G5 |
| 070 0# - NATIONAL AGRICULTURAL LIBRARY CALL NUMBER |
| Classification number |
SF521.B43 |
| 072 #0 - SUBJECT CATEGORY CODE |
| Subject category code |
L100 |
| 072 #0 - SUBJECT CATEGORY CODE |
| Subject category code |
L002 |
| 082 10 - DEWEY DECIMAL CLASSIFICATION NUMBER |
| Classification number |
638 |
| Edition number |
12 |
| 210 0# - ABBREVIATED TITLE |
| Abbreviated title |
Bee cult. |
| 222 #0 - KEY TITLE |
| Key title |
Bee culture |
| 245 00 - TITLE STATEMENT |
| Title |
Bee culture. |
| Statement of responsibility, etc. |
S.N. Mahindru |
| 260 ## - PUBLICATION, DISTRIBUTION, ETC. |
| Place of publication, distribution, etc. |
Medina, Ohio : |
| Name of publisher, distributor, etc. |
A.I. Root Co., |
| Date of publication, distribution, etc. |
c1993- |
| 300 ## - PHYSICAL DESCRIPTION |
| Extent |
204 p |
| Other physical details |
ill. ; |
| Dimensions |
28 cm. |
| 310 ## - CURRENT PUBLICATION FREQUENCY |
| Current publication frequency |
Monthly |
| 362 0# - DATES OF PUBLICATION AND/OR SEQUENTIAL DESIGNATION |
| Dates of publication and/or sequential designation |
Jan. 1993- |
| 500 ## - GENERAL NOTE |
| General note |
Title from cover. |
| 500 ## - GENERAL NOTE |
| General note |
Issues for: <Jan. 1994-> also called: <Vol. 122, no. 1->. |
| 525 ## - SUPPLEMENT NOTE |
| Supplement note |
Issues for Feb. 2009- include supplement titled: Science of bee culture. |
| 530 ## - ADDITIONAL PHYSICAL FORM AVAILABLE NOTE |
| Additional physical form available note |
Also issued online. |
| 588 ## - SOURCE OF DESCRIPTION NOTE |
| Source of description note |
Latest issue consulted: Vol. 137, no. 2 (Feb. 2009). |
| 590 ## - LOCAL NOTE (RLIN) |
| Local note |
SERBIB/SERLOC merged record |
| 650 #0 - SUBJECT ADDED ENTRY--TOPICAL TERM |
| Topical term or geographic name entry element |
Bee culture |
| Form subdivision |
Periodicals. |
| 650 #7 - SUBJECT ADDED ENTRY--TOPICAL TERM |
| Topical term or geographic name entry element |
Bee culture. |
| Source of heading or term |
fast |
| Authority record control number or standard number |
(OCoLC)fst00829545 |
| 655 #7 - INDEX TERM--GENRE/FORM |
| Genre/form data or focus term |
Periodicals. |
| Source of term |
fast |
| Authority record control number |
(OCoLC)fst01411641 |
| 740 02 - ADDED ENTRY--UNCONTROLLED RELATED/ANALYTICAL TITLE |
| Uncontrolled related/analytical title |
Science of bee culture. |
| 776 1# - ADDITIONAL PHYSICAL FORM ENTRY |
| Title |
Bee culture (Online) |
| International Standard Serial Number |
1931-4000 |
| Record control number |
(DLC) 00220011 |
| -- |
(OCoLC)43313723 |
| 776 08 - ADDITIONAL PHYSICAL FORM ENTRY |
| Relationship information |
Online version: |
| Title |
Bee culture |
| Record control number |
(OCoLC)761199219 |
| 780 00 - PRECEDING ENTRY |
| Title |
Gleanings in bee culture |
| International Standard Serial Number |
0017-114X |
| Record control number |
(DLC)sf 76000152 |
| -- |
(OCoLC)2587368 |
| 906 ## - LOCAL DATA ELEMENT F, LDF (RLIN) |
| a |
7 |
| b |
cbc |
| c |
serials |
| d |
u |
| e |
ncip |
| f |
19 |
| g |
n-oclcserc |
| 942 ## - ADDED ENTRY ELEMENTS (KOHA) |
| Source of classification or shelving scheme |
|
| Koha item type |
Book |